F1 2026 Fahrer Bilderquiz Teil 2 - Statistiken

Allgemein
  • Dieses Quiz wurde 58 mal gespielt
  • Das Durchschnittsergebnis liegt bei 10 aus 11
Antwortstatistiken
Bildquiz Antwort % Korrekt
Hamilton
100%
Antonelli
93%
Gasly
93%
Perez
93%
Sainz
93%
Stroll
93%
Albon
89%
Hadjar
89%
Lawson
89%
Ocon
89%
Colapinto
80%
Keine übereinstimmenden Quizze gefunden
Verteilung der Resultate
Anzahl Personen mit jedem Resultat
Perzentil nach korrekt beantworteten Fragen
Ihre Resultats-Entwicklung
Sie haben dieses Quiz noch nicht gespielt